|
|
|
|
| LEADER |
00000nab a2200000 a 4500 |
| 001 |
vtls000590780 |
| 003 |
SK-MaSNL |
| 005 |
20260304094850.0 |
| 008 |
250425c1996 xo 0 slo |
| 015 |
|
|
|a SNBRB19rr/mm-uuuuu
|
| 035 |
|
|
|a CL0590919
|
| 035 |
|
|
|a urn:nbn:sk:snk-abbq1x
|
| 035 |
|
|
|a (urnnbn)urn:nbn:sk:snk:ar-a09ukj
|
| 035 |
|
|
|a (uuid)1fb51157-51e3-42c5-94d4-66c50679d157
|
| 040 |
|
|
|a SNKBUCL
|b slo
|c SNKBUCL
|e AACR2
|
| 041 |
0 |
|
|a slo
|
| 044 |
|
|
|a xo
|c SK
|
| 080 |
|
|
|a 621.65.01:621.227.01:532.5
|2 1981
|
| 080 |
|
|
|a 621.227.01
|2 1981
|
| 080 |
|
|
|a 532.5
|2 1981
|
| 100 |
1 |
|
|a Gančo, Martin,
|d 1936-
|4 aut
|9 215647
|
| 245 |
1 |
0 |
|a Axiálna sila hydrodynamických čerpadiel s radiálnym obežným kolesom
|c Martin Gančo
|
| 300 |
|
|
|b Obr. 11, res. angl., lit. 9 zázn. v angl., nem., ruš., slov.
|
| 650 |
0 |
7 |
|a hydrodynamické čerpadlá
|2 snkbucl
|9 166857
|
| 655 |
|
7 |
|a články z novín a časopisov
|2 snkbucl
|9 267496
|
| 773 |
0 |
|
|t Strojnícky časopis
|g Roč. 47, č. 2 (1996), s. 94-105
|x 0039-2472
|
| 850 |
|
|
|a Slovenská národná knižnica
|
| 852 |
|
|
|a Slovenská národná knižnica
|
| 954 |
|
|
|a odborná, vedecká literatúra pôvodná (slovenská)
|2 lita
|
| 958 |
|
|
|a article15
|
| 958 |
|
|
|a NB
|
| 958 |
|
|
|a RK
|
| 958 |
|
|
|a OND
|
| 958 |
|
|
|a EUIPO
|
| 992 |
|
|
|a RBX
|
| 999 |
|
|
|c 2829354
|d 2831284
|